Taklitçilerin son yılı (Record no. 7502)

MARC details
000 -BAŞLIK
Sabit Uzunlukta Kontrol Alanı 01049na a2200253 4500
001 - KONTROL NUMARASI
Denetim Alanı 20668
003 - KONTROL NUMARASI IDENTIFIER
Denetim Alanı MIRAKIL
005 - SON İŞLEM TARİHİ VE ZAMANI
Denetim Alanı 20181213155141.0
008 - SABİT-BOY VERİ ELEMANLARI - GENEL BİLGİLER
Sabit Uzunlukta Kontrol Alanı 170126b tu 000 0
035 ## - SİSTEM KONTROL NUMARASI
Sistem Kontrol Numarası 20668
040 ## - KATALOGLAMA KAYNAK
Orijinal Kataloglama Ajansı Milas
Kataloglama Dili tur
Metne Dönüştürmek Ajansı TR-AnCHP
041 ## - DİL KODU
Metin / Ses Parça Veya Ayrı Başlığın Dil Kodu tur
082 ## - DEWEY ONLU SINIFLANDIRMA NUMARASI
Sınıflandırma Numarası 324.2382
Ürün Numarası E61t 1992
090 ## - SINIFLAMA NUMARASI
Sınıflama Numarası 324.2382 E61t 1992
100 ## - ANA GİRİŞ - KİŞİSEL İSİM
Kişisel Ad Erbakan, Necmettin
245 ## - BAŞLIK TABLOSU
Başlık Taklitçilerin son yılı
Başlığın Kalan DYP-SHP koalisyon hükümetinin 1 yılını doldurmasıyla RP genel başkanı Prof. Dr. Necmettin Erbakan'ın 20 Kasım 1992 günü yaptığı basın toplantısı
Sorumluluk Tablosu, Vb Necmettin Erbakan
246 ## - UNVAN FORM VARYING
Başlık Doğru / Kısa Başlığı DYP-SHP koalisyon hükümetinin 1 yılını doldurmasıyla RP genel başkanı Prof. Dr. Necmettin Erbakan'ın 20 Kasım 1992 günü yaptığı basın toplantısı
260 ## - YAYIN, DAĞITIM, VB
Yayın, Dağıtım, Vb Yeri [y.y.]
Yayıncı, Dağıtıcı, Vs Adı Refah Partisi
Yayın, Dağıtım, Vb Tarihi 1992
300 ## - FİZİKSEL TANIM
Kapsam 40 s.
Boyutlar 18 sm.
600 ## - KONU KATMA GİRİŞ - KURUMSAL ADI
Kişisel Ad Erbakan, Necmettin
Bir Adıyla İlişkilendirilen Tarihler 1926-2011
Genel Alt Bölümü Konuşmalar
Kronolojik Alt Bölümü Toplantılar
610 ## - KONU KATMA GİRİŞ - TOPLANTI ADI
Giriş Elemanı Olarak Kurumsal Ad Veya Yargı Alanı Adı Refah Partisi (RP)
Genel Alt Bölüm Genel başkanlar
Kronolojik Alt Bölüm Konuşmalar
650 ## - KONU KATMA GİRİŞ - TOPİKAL DÖNEM
Topikal Süreli Veya Coğrafi Ad Giriş Elemanı Siyasal partiler
Genel Alt Bölümü Dinci partiler
942 ## - EKLENDİ GİRİŞ ELEMANLARI (KOHA)
Sınıflandırma Veya Raf Düzeni Kaynak
Koha Öğesi Türü Books
999 ## - SİSTEM KONTROL NUMARALARI (KOHA)
Koha Biblionumber 7502
Koha Biblioitemnumber 7502
Holdings
Kalıcı Konum Mevcut Konum Edinme Tarihi Edinim Kaynak Toplam Check-Out'Lar Tam Çağrı Numarası Barkod Tarih Son Görülme İtibaren Geçerli Fiyatlar Koha Öğesi Türü
CHP Kütüphanesi CHP Kütüphanesi 01/26/2017 Bağış   324.2382 E61t 1992 012637 01/26/2017 01/26/2017 Books